000 00323nam a2200133Ia 4500
008 190723s9999 xx 000 0 und d
020 _a978-0-495-50424-5
100 _aCheryl Hamilton
245 0 _aEssentials of Public speaking
250 _a4th
260 _aAustralia
_bWadsworth
_c2009
300 _a378.:p
942 _cBK
999 _c1695
_d1695